| 000 | 00000nam 2200000zi 4500 |
| 001 | 9.906987 |
| 003 | CaOODSP |
| 005 | 20250107144056 |
| 006 | m o d f |
| 007 | cr cn||||||||| |
| 008 | 220117e20220209oncbd obs f000 0 eng d |
| 020 | |a9780660416632 |
| 040 | |aCaOODSP|beng|erda|cCaOODSP |
| 043 | |an-cn--- |
| 086 | 1 |aCS98-200/2021-2E-PDF |
| 245 | 00|aPopulation growth in Canada's rural areas, 2016 to 2021 : |bCensus of Population, 2021. |
| 264 | 1|a[Ottawa] : |bStatistics Canada = Statistique Canada, |cFebruary 9, 2022. |
| 264 | 4|c©2022 |
| 300 | |a1 online resource (13 pages) : |bcolour maps, colour graph. |
| 336 | |atext|btxt|2rdacontent |
| 337 | |acomputer|bc|2rdamedia |
| 338 | |aonline resource|bcr|2rdacarrier |
| 490 | 1 |aCensus in brief |
| 500 | |aIssued also in French under title: Croissance démographique dans les régions rurales du Canada, 2016 à 2021 : Recensement de la population, 2021. |
| 500 | |aIssued also in HTML format. |
| 504 | |aIncludes bibliographical references. |
| 520 | |a"This Census in Brief examines population growth of Canada's rural areas and their changing proportion within the country. It also presents international comparisons, a portrait of population growth according to the remoteness index and population changes in the three territories"--Provided by publisher. |
| 650 | 0|aRural population|zCanada|vStatistics. |
| 651 | 0|aCanada|xPopulation|vStatistics. |
| 651 | 0|aCanada|vCensus, 2021. |
| 655 | 7|aStatistics|2lcgft |
| 710 | 2 |aStatistics Canada, |eissuing body. |
| 775 | 08|tCroissance démographique dans les régions rurales du Canada, 2016 à 2021 : |w(CaOODSP)9.906988 |
| 830 | #0|aCensus in brief (Statistics Canada)|w(CaOODSP)9.830736 |
| 856 | 40|qPDF|s1.39 MB|uhttps://publications.gc.ca/collections/collection_2022/statcan/98-200-x2021002-eng.pdf |
| 856 | 4 |qHTML|sN/A|uhttps://www12.statcan.gc.ca/census-recensement/2021/as-sa/98-200-x/2021002/98-200-x2021002-eng.cfm |
| 986 | |a98-200-X2021002 |